Juicios orales en materia civil

Detalles Bibliográficos
Formato: eBook
Lenguaje:español
Publicado: Coyoacǹ : Ral︢ Jur̀ez Carro Editorial, 2013
Materias:
Acceso en línea:http://www.vlex.com/source/7331

MARC

LEADER 00000nam a22000007a 4500
005 20130305171814.0
007 cr|||| ||||
008 130305e2013 mx |||||s|||| 00||0 spa d
035 |a 7331 
040 |a vLex 
090 |c 3839  |d 3839 
245 0 0 |a  Juicios orales en materia civil  |h [Recurso electrn̤ico] 
256 |a Servicio en ln̕ea 
260 |a Coyoacǹ :   |b Ral︢ Jur̀ez Carro Editorial,   |c 2013 
300 |a 1 Recurso electrn̤ico 
506 |d vLex Global  |d vLex Global (Academic Edition, excluding Law Schools)  |d vLex Global (U.S. Academic Edition, Law Schools)  |d vLex Global (U.S. Academic Edition, excluding Law Schools)  |d vLex Global (Academic Edition, Law Schools) 
650 0 4 |a Procedimiento civil  |z Mx̌ico 
740 |a vLex Libros (Servicio en ln̕ea) 
856 |a Acceso restringido  |u http://www.vlex.com/source/7331 
942 |c BOOK 
999 0 |a Civil procedure